Gründliche Wider= und Nieder= legung des Schefflerischen Abgottes/ den Er Denen Lutheranern ohne einigen rechtmässigen Grund/ und weil er nicht besser berichtet gewesen/ auffbürden wollen

Bibliographic Details
Main Author: Mitternacht, Johann Sebastian, 1613-1679 (Author)
Corporate Author: Hahn, Johann Erich (Lipsko, Nemcko) (Printer)
Format: Book
Language:German
PhysicalDescription:226 strán 20 cm
Published: Leipzig In Verlegung Friederich Lanckischen 1666
Subjects:

MARC

LEADER 00000nam a2200000 a 4500
001 vtls011751651
003 SK-MaSNL
005 20260301223047.0
008 251112s1666 gw 000 0 ger
015 |a SNBHFA1666 
035 |a urn:nbn:sk:snk-am00dx14 
035 |a urn:nbn:sk:snk-am3i85p 
035 |a 93395BA4-525D-4704-B7EF-5FF3FFA8910B 
040 |a SNKHF  |b slo  |c SNK  |e AACR2 
041 0 |a ger 
044 |a gw  |c DE 
072 7 |a 2  |x Náboženstvo  |2 konspekt 
080 |a 21/29-1/-9  |2 2011 
080 |a 2-1  |2 2011 
080 |a (049.2)  |2 2011 
100 1 |a Mitternacht, Johann Sebastian,  |d 1613-1679  |4 aut  |9 355649 
245 1 0 |a Gründliche Wider= und Nieder= legung des Schefflerischen Abgottes/ den Er Denen Lutheranern ohne einigen rechtmässigen Grund/ und weil er nicht besser berichtet gewesen/ auffbürden wollen  |c von M. Mich. Marth. Cr. Misn, S.S. Theol. Stud. 
260 |a Leipzig  |b In Verlegung Friederich Lanckischen  |c 1666  |f Druckts Johann-Erich Hahn 
300 |a 226 strán  |c 20 cm 
500 |a Vineta, typografické linky, ornamentálne iniciálky na 7 riadkov, kustódy 
501 |a Príväzok 13. k: BOTSAC, Johann. Antisyncretistischer Wegweiser. Das ist: Gründlicher Bericht/ in welchem gehandelt wird Von den Ursachen der Streitigkeiten. Alten Stettin: Verleget durch Jeremiam Mamphraß, Anno M DC LXVI. [=1666].  |5 SNK ID 100137 
546 |a Nemčina  |b Fraktúra 
561 |a Z knižnice Učenej spoločnosti malohontskej.  |5 SNK ID 100137/prív.13 
650 0 7 |a teológia  |2 SNKPH  |9 1814 
655 7 |a kritiky  |2 SNKPH  |9 28608 
700 1 |a Scheffler, Johann,  |d 1624-1677  |4 aqt  |9 352216 
710 2 |a Učená spoločnosť malohontská  |4 fmo  |9 205374 
710 0 |a Lankisch, Friedrich a synovia (Lipsko, Nemecko),  |d 1670-1763  |4 pbl  |9 448177 
710 0 |a Hahn, Johann Erich (Lipsko, Nemcko),  |d 1656-1680  |4 prt  |9 497389 
752 |a Nemecko  |d Lipsko 
852 |a snk  |b Historické fondy  |p ID 100137/prív.13 
958 |a ONDV 
999 |c 942005  |d 943935 
952 |t MHC II.B.e.XXIX  |a SNK  |b SNK  |c SNK_HF  |y PREZ  |7 0  |p 17A1300524  |o snkID 100137/prív.13  |i snk2018/8711  |8 5  |0 0  |1 0  |4 0  |d 2018-04-18  |f 1  |l 0  |r 2026-02-24 09:22:26  |w 2026-02-24